Конкурентоспособность экономических систем: проблемы, закономерности, перспективы (Запись № 12181345)
[ простой вид ]
| 000 -МАРКЕР | |
|---|---|
| контрольное поле | 01891nam0a2200361 4500 |
| 001 - ИДЕНТИФИКАТОР ЗАПИСИ | |
| контрольное поле | RU\NLR\BIBL_A\011866487 |
| 005 - ИДЕНТИФИКАТОР ВЕРСИИ | |
| контрольное поле | 20200909165141.0 |
| 010 ## - МЕЖДУНАРОДНЫЙ СТАНДАРТНЫЙ НОМЕР КНИГИ (ISBN) | |
| Номер (ISBN) | 978-5-361-00605-2 |
| Тираж | 500 |
| 021 ## - НОМЕР ГОСУДАРСТВЕННОЙ РЕГИСТРАЦИИ | |
| Код страны | Российская Федерация |
| Номер | КН-П-18-080290 |
| Номер Листа государственной регистраци | КН-П-18-5817 |
| 035 ## - ДРУГИЕ СИСТЕМНЫЕ НОМЕРА | |
| Идентификатор записи | (NLR Aleph) 011866487 |
| 035 ## - ДРУГИЕ СИСТЕМНЫЕ НОМЕРА | |
| Идентификатор записи | (RuMoRGB)009785722 |
| 100 ## - ДАННЫЕ ОБЩЕЙ ОБРАБОТКИ | |
| Данные общей обработки | 20181120d2018 k y0rusy50 ca |
| 101 0# - ЯЗЫК РЕСУРСА | |
| Язык текста, звукозаписи и т.д. | русский |
| 102 ## - СТРАНА ПУБЛИКАЦИИ ИЛИ ПРОИЗВОДСТВА | |
| Страна публикации | Российская Федерация |
| 105 ## - ПОЛЕ КОДИРОВАННЫХ ДАННЫХ: ТЕКСТОВЫЕ МАТЕРИАЛЫ, МОНОГРАФИЧЕСКИЕ | |
| Кодированные данные о монографическом текстовом документе | a|||z|||000zy |
| 200 1# - ЗАГЛАВИЕ И СВЕДЕНИЯ ОБ ОТВЕТСТВЕННОСТИ | |
| Основное заглавие | Конкурентоспособность экономических систем: проблемы, закономерности, перспективы |
| Сведения, относящиеся к заглавию | монография |
| Первые сведения об ответственности | [Старикова Мария Сергеевна, Денисова Евгения Дмитриевна, Пономарев Иван Николаевич, Новоятлев Михаил Александрович] |
| 210 ## - ПУБЛИКАЦИЯ, РАСПРОСТРАНЕНИЕ И ДР. | |
| Место издания, распространения и т.д. | Белгород |
| Имя издателя, распространителя и т. д. | Изд-во БГТУ |
| Дата издания, распространения и т.д. | 2018 |
| 215 ## - ФИЗИЧЕСКАЯ ХАРАКТЕРИСТИКА | |
| Специфическое обозначение материала и объем | 70 с. |
| Другие сведения о физической характеристике | ил., табл. |
| Размеры | 21 |
| 300 ## - ОБЩИЕ ПРИМЕЧАНИЯ | |
| Текст примечания | Авт. указаны перед вып. дан. |
| 320 ## - ПРИМЕЧАНИЯ О НАЛИЧИИ В ДОКУМЕНТЕ БИБЛИОГРАФИИ / УКАЗАТЕЛЯ | |
| Текст примечания | Библиогр. в конце параграфов |
| 606 1# - НАИМЕНОВАНИЕ ТЕМЫ КАК ПРЕДМЕТ | |
| Наименование темы | Предприятия |
| Тематический подзаголовок | Конкурентоспособность |
| Географический подзаголовок | Российская Федерация |
| Системный номер авторитетной/нормативной записи | 2269729 |
| Идентификатор авторитетной/нормативной записи | RU\NLR\AUTH\661360462 |
| 686 1# - ИНДЕКСЫ ДРУГИХ КЛАССИФИКАЦИЙ | |
| Индекс | У29(2Р) |
| 686 1# - ИНДЕКСЫ ДРУГИХ КЛАССИФИКАЦИЙ | |
| Индекс | У9(2)-13(2Р) |
| 701 #1 - ИМЯ ЛИЦА - АЛЬТЕРНАТИВНАЯ ОТВЕТСТВЕННОСТЬ | |
| Начальный элемент ввода | Старикова |
| Часть имени, кроме начального элемента ввода | М. С. |
| Расширение инициалов личного имени | Мария Сергеевна |
| 701 #1 - ИМЯ ЛИЦА - АЛЬТЕРНАТИВНАЯ ОТВЕТСТВЕННОСТЬ | |
| Графика поля | Кириллица |
| Материалы, к которым относится поле | rus |
| Начальный элемент ввода | Денисова |
| Часть имени, кроме начального элемента ввода | Е. Д. |
| Дополнения к именам, кроме дат | инженер-экономист |
| Расширение инициалов личного имени | Евгения Дмитриевна |
| Системный номер авторитетной/нормативной записи | 199543 |
| Идентификатор авторитетной/нормативной записи | RU\NLR\AUTH\770199594 |
| 701 #1 - ИМЯ ЛИЦА - АЛЬТЕРНАТИВНАЯ ОТВЕТСТВЕННОСТЬ | |
| Начальный элемент ввода | Новоятлев |
| Часть имени, кроме начального элемента ввода | М. А. |
| Расширение инициалов личного имени | Михаил Александрович |
| 701 #1 - ИМЯ ЛИЦА - АЛЬТЕРНАТИВНАЯ ОТВЕТСТВЕННОСТЬ | |
| Графика поля | Кириллица |
| Материалы, к которым относится поле | rus |
| Начальный элемент ввода | Пономарев |
| Часть имени, кроме начального элемента ввода | И. Н. |
| Дополнения к именам, кроме дат | экономист |
| Расширение инициалов личного имени | Иван Николаевич |
| Системный номер авторитетной/нормативной записи | 220445 |
| Идентификатор авторитетной/нормативной записи | RU\NLR\AUTH\770220501 |
| 942 ## - ДОПОЛНИТЕЛЬНЫЕ ЭЛЕМЕНТЫ ЗАПИСИ (АБИС) | |
| Тип экземпляра АБИС | Книга |
| 980 ## - КОЛЛЕКЦИЯ | |
| Название коллекции | НБР |
| 980 ## - КОЛЛЕКЦИЯ | |
| Название коллекции | Национальная библиография |
Нет доступных экземпляров.